The ethics of war and peace : (Record no. 592742)

000 -LEADER
fixed length control field 01380cam a2200313 a 4500
001 - CONTROL NUMBER
control field 16628286
003 - CONTROL NUMBER IDENTIFIER
control field NUST
005 - DATE AND TIME OF LATEST TRANSACTION
control field 20221220124711.0
008 - FIXED-LENGTH DATA ELEMENTS--GENERAL INFORMATION
fixed length control field 110128s2011 enk b 001 0 eng
010 ## - LIBRARY OF CONGRESS CONTROL NUMBER
LC control number 2011002340
020 ## - INTERNATIONAL STANDARD BOOK NUMBER
International Standard Book Number 9780415492393 (hardback : alk. paper)
020 ## - INTERNATIONAL STANDARD BOOK NUMBER
International Standard Book Number 9780415492409 (pbk. : alk. paper)
020 ## - INTERNATIONAL STANDARD BOOK NUMBER
International Standard Book Number 9780203808160 (ebook)
040 ## - CATALOGING SOURCE
Original cataloging agency DLC
Transcribing agency DLC
Modifying agency DLC
042 ## - AUTHENTICATION CODE
Authentication code pcc
050 00 - LIBRARY OF CONGRESS CALL NUMBER
Classification number U22
Item number .F76 2011
082 ## - DEWEY DECIMAL CLASSIFICATION NUMBER
Classification number 172.42, FRO
100 1# - MAIN ENTRY--PERSONAL NAME
Personal name Frowe, Helen.
9 (RLIN) 91060
245 14 - TITLE STATEMENT
Title The ethics of war and peace :
Remainder of title an introduction /
Statement of responsibility, etc. Helen Frowe.
260 ## - PUBLICATION, DISTRIBUTION, ETC.
Place of publication, distribution, etc. London ;
-- New York :
Name of publisher, distributor, etc. Routledge,
Date of publication, distribution, etc. 2011.
300 ## - PHYSICAL DESCRIPTION
Extent x, 244 p. ;
Dimensions 24 cm.
505 ## - FORMATTED CONTENTS NOTE
Formatted contents note Self-defence (Page-9), War and self-defence (Page-29), The conditions of jus ad bellum (Page-50), Just wars? (Page-72), The conditions of jus in bello (Page-95), The moral status of combatants (Page-118), Non-combatants in war (Page-140), Terrorists, torture and just terrorism (Page-168), Terrorists, torture and just war theory (Page-190), Just psot bellum (Page-208).
650 #0 - SUBJECT ADDED ENTRY--TOPICAL TERM
Topical term or geographic name entry element War
General subdivision Moral and ethical aspects.
9 (RLIN) 37138
650 #0 - SUBJECT ADDED ENTRY--TOPICAL TERM
Topical term or geographic name entry element Just war doctrine.
9 (RLIN) 37137
650 #0 - SUBJECT ADDED ENTRY--TOPICAL TERM
Topical term or geographic name entry element Military ethics.
9 (RLIN) 10030
906 ## - LOCAL DATA ELEMENT F, LDF (RLIN)
a 7
b cbc
c orignew
d 1
e ecip
f 20
g y-gencatlg
942 ## - ADDED ENTRY ELEMENTS (KOHA)
Source of classification or shelving scheme
Koha item type Book
Holdings
Withdrawn status Lost status Source of classification or shelving scheme Damaged status Not for loan Permanent Location Current Location Shelving location Date acquired Total Checkouts Full call number Barcode Date last seen Price effective from Koha item type Public note
          Military College of Signals (MCS) Military College of Signals (MCS) General Stacks 12/20/2022   172.42, FRO MCS37988 12/20/2022 12/20/2022 Book Almirah No.46, Shelf No.5
          Military College of Signals (MCS) Military College of Signals (MCS) General Stacks 12/20/2022   172.42, FRO MCS37365 12/20/2022 12/20/2022 Book Almirah No.46, Shelf No.5
© 2023 Central Library, National University of Sciences and Technology. All Rights Reserved.